| 000 | 00609c a2200205 04500 | ||
|---|---|---|---|
| 001 | 46289 | ||
| 090 | _a46289 | ||
| 100 | _a19770401d1976 m y0pory5003 ba | ||
| 101 | 1 | _apor | |
| 102 | _aPT | ||
| 200 | 1 |
_aLenine em Zurique _fAlexandre Soljenitsine _gtrad. de álvaro de Figueiredo, Joaquim P. Reis |
|
| 210 | 9 |
_aLisboa _cPublicações Dom Quixote, _dimp. 1976 |
|
| 215 |
_a312, [3] p. _d20 cm |
||
| 225 | 2 |
_aPrémio Nobel _v7 |
|
| 675 |
_a32 _vmed _zpor |
||
| 700 | 1 |
_aSolzhenitsyn, _bAlexander, _f1918-2008 |
|
| 702 | 1 |
_aFigueiredo, _bÁlvaro _4730 |
|
| 702 | 1 |
_aReis, _bJoaquim P. _4730 |
|
| 801 | 0 |
_aPT _bBN _gRPC |
|
| 990 | _cLIVROS | ||